|
|
|
|
| LEADER |
00000nam a2200000 i 4500 |
| 001 |
1/40662 |
| 008 |
960202s1993 eng d |
| 020 |
|
|
|a 0-471-59950-6
|
| 035 |
|
|
|l 10025270
|
| 040 |
|
|
|a GR-MY-UA
|b gre
|e aacr
|
| 041 |
0 |
|
|a eng
|
| 082 |
0 |
|
|a 657.96
|
| 100 |
1 |
|
|a Radebaugh, Lee H.
|
| 245 |
1 |
0 |
|a International accounting and multinational enterprises /
|c Lee H.Radebaugh, Sidney J.Gray
|
| 250 |
|
|
|a 3rd ed.
|
| 260 |
|
|
|a New York, Chichester :
|b Wiley,
|
| 300 |
|
|
|a 582 p.
|
| 500 |
|
|
|a Includes bibliographical references and index
|
| 650 |
0 |
0 |
|a International business enterprises
|x Accounting.
|
| 650 |
0 |
0 |
|a Comparative accounting.
|
| 700 |
1 |
|
|a Gray, Sidney.
|
| 852 |
|
|
|a INST
|b CHIOS
|e 19960202
|h 657.96 RAD
|p 005200003963
|q 005200003963
|t BK
|y 0
|
| 909 |
|
|
|a Χ
|b 037480
|